Národopis Slovenska

Podrobná bibliografia
Ďalší autori: Pražák, Vilém, 1889-1976 (Zostavovateľ, kompilátor)
Médium: Kniha
Jazyk:slovenčina
Fyzický popis:8 strán, [5] strán obrazových príloh fotografie, mapy 25 cm
Vydavateľské údaje: Bratislava Praha Litevna, literárne a vedecké nakladateľstvo Vojtech Tilkovský 1932
Predmet:

MARC

LEADER 00000cam a2200000 a 4500
001 vtls008392214
003 SK-MaSNL
005 20260426004928.0
008 251104s1932 xr ob f 2 000 0 slo
015 |a SNBA19191938-009684 
020 |q (brožované) 
035 |a SK01SNKBSKHR20010084431 
035 |a urn:nbn:sk:snk-am3iiey 
035 |a 608AAFC2-B2C4-4E41-9C51-6EA0AA9F3D19 
035 |a urn:nbn:sk:snk-am00ekf3 
035 |a SKM000086894 
040 |a SNK  |b slo  |c SNK  |e AACR2 
041 0 |a slo 
043 |a e-xo--- 
044 |a xo  |c SK  |a xr  |c CZ 
072 7 |a 39  |x Etnológia. Etnografia. Folklór  |2 konspekt 
080 |a 39  |2 2011 
080 |a (437.6)  |2 2011 
080 |a (04)  |2 2011 
245 0 0 |a Národopis Slovenska  |c pro slovenský náučný slovník sostavil Vilém Pražák 
260 |a Bratislava  |a Praha  |b Litevna, literárne a vedecké nakladateľstvo Vojtech Tilkovský  |c 1932 
300 |a 8 strán, [5] strán obrazových príloh  |b fotografie, mapy  |c 25 cm 
500 |a Odtlačok zo Slovenského náučného slovníka, vydaného "LITEVNOU", literárnym a vedeckým nakladateľstvom Vojtecha Tilkovského v Prahe 
650 0 7 |a etnografia  |2 SNKPH  |9 950 
651 7 |a Slovensko  |2 SNKPHgeo  |9 14231 
655 7 |a separáty  |2 SNKPH  |9 70334 
700 1 |a Pražák, Vilém,  |d 1889-1976  |4 com  |9 209987 
752 |a Česko  |d Praha 
787 0 8 |i Separátny výtlačok z:  |t Slovenský náučný slovník  |d Bratislava : Praha : Litevna, literárne a vedecké nakladateľstvo Vojtech Tilkovský, 1932 
852 |a Slovenská národná knižnica 
958 |a EUIPO 
958 |a RK 
958 |a TL 
958 |a OND 
999 |c 994697  |d 996627 
952 |a SNK  |b SNK  |y PREZ  |7 0  |p 17A0842433  |o snkSC 17344  |i snkD 32/63  |8 1  |0 0  |1 0  |4 0  |d 2020-09-25  |f 1  |l 0  |r 2025-07-25 00:00:00  |w 2026-02-24